LEADER 01827nam2 22003973i 450 001 UAN0007405 005 20251003044417.0 100 $a20090507d1999 ||||0itac50 ba 101 | $aita 102 $ait 181 1$6z01$ai $bxxxe 182 1$6z01$an 183 1$6z01$anc$2RDAcarrier 200 1 $aˆ1: ‰Caratteristiche generali, sensori e trasduttori$esimbologia e caratteristiche generali della strumentazione$e*sensori, trasduttori e condizionatori dei segnali di misura$fA. Brunelli 205 $a4 ed 210 $aMilano$cGISI$d1999 215 $aIX, 183 p.$cill.$d25 cm. 461 1$1001MIL0143752$12001 $aStrumentazione di misura e controllo nelle applicazioni industriali$fA. Brunelli$v1 606 $aStrumenti per misure$2FIR$3CFIC045734$9E 606 $aRegolazione automatica$2FIR$3SBLC004019$9I 676 $a629.8$9INGEGNERIA DEI CONTROLLI AUTOMATICI$v14 676 $a629.8$9Ingegneria dei controlli automatici$v22 696 $aMisuratori$aApparecchi di misura$aApparecchi di misurazione$aStrumenti di misurazione$aStrumenti di misura 699 $aStrumenti per misure$yMisuratori 699 $aStrumenti per misure$yApparecchi di misura 699 $aStrumenti per misure$yApparecchi di misurazione 699 $aStrumenti per misure$yStrumenti di misurazione 699 $aStrumenti per misure$yStrumenti di misura 700 1$aBrunelli$b, Alessandro$f <1948- >$3MILV091840$4070$0770285 801 3$aIT$bIT-000000$c20090507 850 $aIT-BN0095 912 $aUAN0007405 950 2$aBiblioteca Centralizzata di Ateneo$cv. 1-4 in 5 v.$d 01SALA DING 629.8 BRU.st$e 0102 0000037315 VMA A4(0001 v. 1$fY $h20010326$i20010326 977 $a 01 996 $aCaratteristiche generali, sensori e trasduttori$91575464 997 $aUNISANNIO LEADER 03130nam 22008053u 450 001 9910966078103321 005 20200520144314.0 010 $a0-19-772998-3 010 $a1-280-52704-8 010 $a0-19-535906-2 010 $a1-4294-0038-2 024 7 $a10.1093/oso/9780195085310.001.0001 035 $a(CKB)1000000000410388 035 $a(EBL)271034 035 $a(OCoLC)191924623 035 $a(SSID)ssj0000108029 035 $a(PQKBManifestationID)11135227 035 $a(PQKBTitleCode)TC0000108029 035 $a(PQKBWorkID)10013703 035 $a(PQKB)11590312 035 $a(Au-PeEL)EBL271034 035 $a(CaPaEBR)ebr10142213 035 $a(CaONFJC)MIL52704 035 $a(OCoLC)936849445 035 $a(MiAaPQ)EBC271034 035 $a(OCoLC)1406788265 035 $a(StDuBDS)9780197729984 035 $a(OCoLC)29877007 035 $a(FINmELB)ELB168450 035 $a(EXLCZ)991000000000410388 100 $a19950814e20231995 |y | 101 0 $aeng 135 $aur|n|---||||| 181 $ctxt$2rdacontent 182 $cc$2rdamedia 183 $acr$2rdacarrier 200 10$aAutonomy and intervention $eparentalism in the caring life /$fJohn Kultgen 205 $a1st ed. 210 1$aNew York ;$cOxford University Press,$d2023. 215 $a1 online resource (xiii, 262 pages) 225 1 $aOxford scholarship online 300 $aPreviously issued in print: 1995. 311 0 $a0-19-508531-0 320 $aIncludes bibliographical references (p. 253-256) and index. 327 $aContents; 1. The Life of Care; 2. Care and Moral Intuition; 3. Care and Morality; 4. The Parental Analogy; 5. Parentalism Defined; 6. The Evaluation of Parentalism; 7. The Anatomy of Intervention; 8. The Value of Autonomy; 9. The Role of Consent; 10. Varieties of Antiparentalism; 11. VanDeVeer's Consent-Based Antiparentalism; 12. The State as Parentalist; 13. Feinberg's Antiparentalism; 14. Professional Parentalism; 15. Conclusion; Appendix: Critical Review of the Literature; Notes; Bibliography; Index 330 8 $aThis philosophical treatise explores the place of paternalism in caring for others. It provides guidelines for balancing respect for the recipients' autonomy with the good that can be provided by intervening in their lives. 410 0$aOxford scholarship online. 606 $aRespect for persons 606 $aCaring 606 $aPaternalism$xMoral and ethical aspects 606 $aAutonomy (Philosophy) 606 $aCommunity life 606 $aInvoluntary treatment$xMoral and ethical aspects 615 0$aRespect for persons. 615 0$aCaring. 615 0$aPaternalism$xMoral and ethical aspects. 615 0$aAutonomy (Philosophy) 615 0$aCommunity life. 615 0$aInvoluntary treatment$xMoral and ethical aspects. 676 $a171.1 676 $a177/.7 700 $aKultgen$b John H.$0902716 801 0$bUkCU 801 2$bUk 801 2$bStDuBDSZ 801 2$bStDuBDSZ 906 $aBOOK 912 $a9910966078103321 996 $aAutonomy and intervention$94525282 997 $aUNINA